| 000 | 01668cam a2200373 a 4500 | ||
|---|---|---|---|
| 001 | EDZ0000158167 | ||
| 003 | StDuBDS | ||
| 005 | 20161031105233.0 | ||
| 006 | m||||||||d|||||||| | ||
| 007 | cr ||||||||||| | ||
| 008 | 130912s2007 caua fo| 001|0|eng|d | ||
| 020 |
_a9781483329178 (ebook) : _cNo price |
||
| 040 |
_aStDuBDS _beng _cStDuBDS _epn |
||
| 049 | _aAlfaisal Main Library | ||
| 050 | 0 |
_aLB2831.9 _b.S77 2007 |
|
| 082 | 0 | 4 |
_a371.2012 _223 |
| 100 | 1 | _aStrike, Kenneth A. | |
| 245 | 1 | 0 |
_aEthical leadership in schools _h[electronic resource] : _bcreating community in an environment of accountability / _cKenneth A. Strike. |
| 260 |
_aThousand Oaks, Calif. : _bCorwin, _c2007. |
||
| 300 |
_a1 online resource (xx, 155 p.) : _bill. |
||
| 490 | 1 | _aLeadership for learning series | |
| 504 | _aIncludes bibliographical references and index. | ||
| 520 | 8 | _aKenneth Strike teaches headteachers and aspiring headteachers the concepts that inform ethical choices in leadership roles. Using brief vignettes, he explores common situations that headteachers are likely to encounter and presents questions and issues to help them determine the ethical path. | |
| 521 | _aSpecialized. | ||
| 588 | _aDescription based on print version record. | ||
| 650 | 0 |
_aSchool principals _xProfessional ethics. |
|
| 650 | 0 |
_aEducational leadership _xMoral and ethical aspects. |
|
| 655 | 7 |
_aElectronic books. _2local |
|
| 710 | 2 | _aSage eBooks | |
| 776 | 0 | 8 |
_iPrint version : _z9781412913508 |
| 830 | 0 | _aLeadership for learning series. | |
| 856 | 4 | 0 | _uhttp://ezproxy.alfaisal.edu/login?url=http://sk.sagepub.com/books/ethical-leadership-in-schools |
| 942 |
_2lcc _cEBOOKS |
||
| 999 |
_c482393 _d482393 |
||